1583 1298 1743 1930 1601 1848 1839 1529 1522 1151 1780 1343 1380 1503 1396 1648 1694 1574 1455 1941 1774 1704 1141 1891 1450 1938 1503 1594 1539 1673 1196 1915 1266 1326 1994 1778 1055 1379 1714 1861 1311 1394 1080 1697 1084 1554 1691 1170 1958 1679 1764 1718 1938 1016 1365 1816 1676 1491 1198 1374 1558 1563 1397 1205 1229 1305 1341 1813 1119 1931 1706 1161 1957 1136 1841 1437 1439 1647 1733 1191 1737 1957 1520 1357 1597 1123 1033 1684 1939 1143 1332 1178 1580 1608 1677 1276 1295 1492 1000 BCNSPRNW ULIB Ver.6.0+V

เปลี่ยนเป็นภาษาไทย

Change to English
 แสดงรายละเอียดบรรณานุกรม
  กลับหน้าหลัก

Brief Record : Get Marc (ISO 2709) : E-mail record : QR code < ปิดหน้าต่าง
LEADER : 00000nam 2200000uu 4500
001    13399109392
003     ULIB
008    110401s2545||||th 000 0 tha d
020    9746310909 (ล.2)
060 04 WB100^bต64 ล.2 2545
245 00 ตำราอายุรศาสตร์ 2/^cวิทยา ศรีดามา, บรรณาธิการ
250    พิมพ์ครั้งที่ 4
260    กรุงเทพฯ :^bโครงการตำราจุฬาอายุรศาสตร์ ภาควิชาอายุรศาสตร์คณะแพทยศาสตร์ จุฬาลงกรณ์มหาวิทยาลัย,^c2545
300     4ล. :^bภาพประกอบสี ;^c26 ซม.
650  7 อายุรศาสตร์^xรวมเรื่อง
650  7 การรักษาโรค
650  7 กระเพาะอาหารและลำไส้, โรค
650  7 ตจวิทยา
650  7 ประสาทวิทยา
700 0  วิทยา ศรีดามา,^eบรรณาธิการ
710 2  จุฬาลงกรณ์มหาวิทยาลัย. ^bคณะแพทยศาสตร์.^bโครงการตำราอายุรศาสตร์
945    ^p300^l0^i014960
945    ^p300^l0^i014959
945    ^p300^l0^i014961
995    ทศพร
999 ^a ใช้งานได้ทุกระบบ
รายการนี้ยังไม่มีแท็ก
คุณยังไม่ได้ล็อกอิน คุณสามารถมีกิจกรรมร่วมกับเว็บไซต์ได้ แต่ต้องล็อกอินก่อน ::
  ล็อกอิน

รายการสื่อสารสนเทศ

ลำดับที่ ประเภท เลขเรียก/บาร์โค้ด สถานที่ สถานะ
- ไม่พบข้อมูล -

รายการใกล้เคียง
    หัวเรื่อง [การรักษาโรค]
    หัวเรื่อง [กระเพาะอาหารและลำไส้, โรค]
    หัวเรื่อง [ตจวิทยา]
    หัวเรื่อง [ประสาทวิทยา]

BibComment


ยังไม่เคยถูกคอมเมนท์

คอมเมนท์ทรัพยากรรายการนี้
  คอมเมนท์: ตำราอายุรศาสตร์ 2..


 Copyright 2026. Bcnsprnw @Library